Basic electrical engineering (Record no. 7166)

000 -LEADER
fixed length control field 00658nam a2200217 4500
001 - CONTROL NUMBER
control field 7166
003 - CONTROL NUMBER IDENTIFIER
control field BD-DhUET
008 - FIXED-LENGTH DATA ELEMENTS--GENERAL INFORMATION
fixed length control field 740521s1975 nyua 001 0 eng
020 ## - INTERNATIONAL STANDARD BOOK NUMBER
International Standard Book Number 0070211523
040 ## - CATALOGING SOURCE
Original cataloging agency DLC
Transcribing agency DLC
Modifying agency BD-DhUET
082 00 - DEWEY DECIMAL CLASSIFICATION NUMBER
Classification number 623
Item number FIT/1975
100 1# - MAIN ENTRY--PERSONAL NAME
Personal name Fitzgerald, A. E.
245 10 - TITLE STATEMENT
Title Basic electrical engineering
Remainder of title circuits,electronics,machines,control
Statement of responsibility, etc. by A. E. Fitzgerald, David E. Higginbotham and Arvin Grabel
250 ## - EDITION STATEMENT
Edition statement 4th ed.
260 ## - PUBLICATION, DISTRIBUTION, ETC. (IMPRINT)
Place of publication, distribution, etc. New York
Name of publisher, distributor, etc. McGraw-Hill
Date of publication, distribution, etc. 1975
300 ## - PHYSICAL DESCRIPTION
Extent xiv, 817 p.
Other physical details illus.
Dimensions 24 cm.
650 #0 - SUBJECT ADDED ENTRY--TOPICAL TERM
Topical term or geographic name as entry element Electricity : Engineering
700 ## - ADDED ENTRY--PERSONAL NAME
Personal name Higginbotham, David E.
700 ## - ADDED ENTRY--PERSONAL NAME
Personal name Grabel, Arvin
942 ## - ADDED ENTRY ELEMENTS (KOHA)
Koha item type General Book
Holdings
Piece designation (barcode) Koha item type Location (home branch) Koha date last seen Date acquired Withdrawn status Damaged status Koha full call number Koha date last borrowed Copy number Sublocation or collection (holding branch) Shelving location Lost status Price effective from Koha normalized classification for sorting Koha issues (times borrowed) Not for loan Source of classification or shelving scheme
65364General BookCentral Library, BUET2018-08-042014-12-07  623/PIT/19752018-07-211Central Library, BUETCirculation section 2014-12-07623PIT19751  
43309General BookCentral Library, BUET2015-03-122015-03-12  623/PIT/1975 2Central Library, BUETCirculation section 2015-03-12623_000000000000000_PIT_1975   
43314General BookCentral Library, BUET2015-03-122015-03-12  623/PIT/1975 3Central Library, BUETCirculation section 2015-03-12623_000000000000000_PIT_1975   
43676General BookCentral Library, BUET2015-03-122015-03-12  623/PIT/1975 4Central Library, BUETCirculation section 2015-03-12623_000000000000000_PIT_1975   
42843General BookCentral Library, BUET2015-03-122015-03-12  623/PIT/1975 5Central Library, BUETCirculation section 2015-03-12623_000000000000000_PIT_1975   
43308General BookCentral Library, BUET2015-04-162015-04-16  623/FIT/1975 6Central Library, BUETCirculation section 2015-04-16623_000000000000000_FIT_1975   
43316General BookCentral Library, BUET2015-04-182015-04-18  623/FIT/1975 7Central Library, BUETCirculation section 2015-04-18623_000000000000000_FIT_1975   
43310General BookCentral Library, BUET2015-04-212015-04-21  623/FIT/1975 8Central Library, BUETCirculation section 2015-04-21623_000000000000000_FIT_1975   
43677General BookCentral Library, BUET2015-04-212015-04-21  623/FIT/1975 9Central Library, BUETCirculation section 2015-04-21623_000000000000000_FIT_1975   
43313General BookCentral Library, BUET2015-04-212015-04-21  623/FIT/1975 10Central Library, BUETCirculation section 2015-04-21623_000000000000000_FIT_1975   
43307General BookCentral Library, BUET2015-04-212015-04-21  623/FIT/1975 11Central Library, BUETCirculation section 2015-04-21623_000000000000000_FIT_1975   
51101General BookCentral Library, BUET2015-04-212015-04-21  623/FIT/1975 12Central Library, BUETCirculation section 2015-04-21623_000000000000000_FIT_1975   
42841Reading ItemCentral Library, BUET2015-06-282015-06-28  623/FIT/1975 13Central Library, BUETReading section 2015-06-28623_000000000000000_FIT_1975   
42840Reading ItemCentral Library, BUET2015-06-282015-06-28  623/FIT/1975 14Central Library, BUETReading section 2015-06-28623_000000000000000_FIT_1975   
43679Reading ItemCentral Library, BUET2015-06-282015-06-28  623/FIT/1975 15Central Library, BUETReading section 2015-06-28623_000000000000000_FIT_1975